| 000 | 00000nam##2200000za#4500 |
| 001 | 9.615391 |
| 003 | CaOODSP |
| 005 | 20210615101117 |
| 007 | ta |
| 008 | 150406|2001||||xxc||||| f|0| 0 eng|d |
| 020 | |a0-660-18343-9 |
| 022 | |a1200-5223 |
| 040 | |aCaOODSP|beng |
| 043 | |an-cn--- |
| 086 | 1 |aCS11-0019/158E |
| 245 | 00|aIn search of intergenerational credit constraints among Canadian men : |bquantile versus mean regression tests for binding credit constraints / |cby Nathan D. Grawe. |
| 260 | |aOttawa - Ontario : |bStatistics Canada. |c2001. |
| 300 | |a22p. : |bgraphs, references, tables ; |c28 cm. |
| 490 | 1 |aResearch paper series|x1200-5223|vNo. 158 |
| 500 | |a"This paper argues that any pattern in the conditional expectation function can be justified by a properly constructed story with credit constraints."--Abstract. |
| 520 | 3 |aThis paper argues that any pattern in the conditional expectation function can be justified by a properly constructed story with credit constraints.--Abstract |
| 563 | |aSoftcover |
| 590 | |a01-06|b2001-02-09 |
| 710 | 2 |aStatistics Canada. |bAnalytical Studies Branch. |
| 720 | 1 |aGrawe, Nathan D. |
| 775 | 08|tA la recherche des contraintes intergénérationnelles d'emprunt chez les hommes canadiens : |w(CaOODSP)9.625481 |
| 776 | 0#|tIn search of intergenerational credit constraints among Canadian men : |w(CaOODSP)9.557512 |
| 830 | #0|aResearch paper series,|x1200-5223|vNo. 158|w(CaOODSP)9.514463 |